Linear functional analysis
Αποθηκεύτηκε σε:
| Κύριος συγγραφέας: | |
|---|---|
| Μορφή: | Βιβλίο |
| Γλώσσα: | English Chinese |
| Δημοσίευση: |
Singapore : River Edge, NJ :
World Scientific,
c1992
|
| Σειρά: | Series in real analysis ;
; 4 |
| Θέματα: | |
| Ετικέτες: |
Προσθήκη ετικέτας
Δεν υπάρχουν, Καταχωρήστε ετικέτα πρώτοι!
|
MARC
| LEADER | 00000nam a2200000 i 4500 | ||
|---|---|---|---|
| 001 | 1/32667 | ||
| 008 | 941103s1992 eng d | ||
| 020 | |a 9810208537 | ||
| 035 | |l 10039159 | ||
| 035 | |a 1993 |c ΧΑΤΖΗΣΑΒΒΑΣ | ||
| 040 | |a GR-MY-UA |b gre |e aacr | ||
| 041 | 1 | |a eng |h chi | |
| 082 | 0 | |a 515.7 |2 (20) | |
| 100 | 1 | |a Orlicz, Wladyslaw |d 1903- | |
| 245 | 1 | 0 | |a Linear functional analysis / |c Wadysaw Orlicz ; translated by Lee Peng Yee ; addendum by Wu Congxin |
| 260 | |a Singapore : |a River Edge, NJ : |b World Scientific, |c c1992 | ||
| 300 | |a xvi, 246 p.; |c 23 cm | ||
| 490 | 1 | |a Series in real analysis |v ; 4 | |
| 504 | |a Includes bibliographical references (p. [237]-243) and index | ||
| 650 | 0 | 0 | |a Functional analysis. |
| 830 | 0 | |a Series in real analysis ; |v ; 4 | |
| 852 | |a INST |b SAMOS |e 19941103 |h 515.7 ORL |p 005300003061 |q 005300003061 |t BK |y 0 | ||
| 909 | |a Σ |b 027454 | ||